000 00605nam a22002177a 4500
003 UA-OsUOA
001 96449
007 ta
008 20130319b un ||||| |||| 00| 0 ukr d
100 _aБаркалова І.М.
090 _a32
_bБ25
942 _cSA
040 _aUA-OsUOA
_bukr
_cUA-OsUOA
_dUA-OsUOA
245 _aПолітичні та економічні передумови європейської інтеграції Німеччини (1949-1955 рр.)
300 _aС.3-9
955 _a0
041 _aukr
080 _a32
773 0 _w96448
650 7 _a32 Політика
_2UDC
999 _c382706
_d382706